000 00441nam a2200109Ia 4500
008 160909s9999 xx 000 0 und d
100 _aAllgood, Charles E.
245 _aFiscal management practices and quality programming in early childhood: The impact of administrator preparation
260 _bMississippi State University.
_c2016
650 _aHUMAN RESOURCE MANAGEMENT
856 _uhttp://pqdtopen.proquest.com/doc/1784276333.html?FMT=ABS
999 _c304648
_d304648